000 01228nam a2200313 i 4500
001 000038355
003 DO-SdBNP
005 20260316104222.0
007 ta
008 130409s2005 dr abcd 001 0 spa d
040 _aDO-SdBNP
_bspa
_cBNPHU
_erda
041 _aspa
082 _a338.19
_bR426a
_222
110 2 _aRepública Dominicana.
_bInstituto Nacional de Recursos Hidráulicos (INDHI)
_964710
245 1 3 _aEl agua en Baiguá :
_balimentos para el turismo, un centro de abastecimiento de alimentos para la región Este.
264 _aSanto Domingo :
_bINDHI,
_c2005.
300 _a201 páginas :
_bilustraciones gráficacs ;
_c29 cm.
336 _ardacontent
_btexto
_2txt
337 _ardamedia
_bsin mediación
_2n
338 _ardacarrier
_bvolumen
_2nc
590 _aInventariado,2018/DG
650 4 _aDesarrollo de cultivos
_zRepública Dominicana
_955261
650 4 _aProductividad agrícola
_zRepública Dominicana
_955678
650 4 _aExperimentos de campos
_z(La Altagracia{Rpara} República Dominicana
_964711
650 4 _aDesarrollo agrícola
_zRepública Dominicana
_99591
651 4 _aRepública Dominicana
_xCondiciones Rurales
_99403
910 _aValidado. Control de calidad EMS
942 _2ddc
_cLBS1
999 _c37845
_d37845